A textbook of general botany /

محفوظ في:

المؤلف الرئيسي: Smith, Gilbert M.

مؤلفون آخرون: Gilbert, Edward M., Evans, Richard I., Duggar, Benjamin M

التنسيق: كتاب

اللغة: English

منشور في: New York : The Macmillan Company, 1949.

الطبعة: 4th edition

الموضوعات:

الوسوم: إضافة وسم

لا توجد وسوم, كن أول من يضع وسما على هذه التسجيلة!

رقم الطلب: QK45 .G9 1949

LEADER 00661nam a22002417a 4500
003 OSt
005 20251222073845.0
008 251222t1949 nyua 000 0 eng
035 |a (OCoLC)587609 
040 |c ARCE Library 
050 1 4 |a QK45  |b .G9 1949 
100 1 |a Smith, Gilbert M.  
245 1 2 |a A textbook of general botany /   |c By Gilbert M. Smith. 
250 |a 4th edition 
260 |a New York :   |b The Macmillan Company,   |c 1949. 
300 |a 668 p. :   |b illus. ;   |c 22 cm. 
650 0 |a Botany. 
700 |a Gilbert, Edward M. 
700 |a Evans, Richard I.  
700 |a Duggar, Benjamin M 
901 |a reviewed 
942 |2 lcc  |c BK 
999 |c 50585  |d 50585